Service Marketing (Record no. 1931)

MARC details
000 -LEADER
fixed length control field 00417nam a22001697a 4500
005 - DATE AND TIME OF LATEST TRANSACTION
control field 20160527111053.0
008 - FIXED-LENGTH DATA ELEMENTS--GENERAL INFORMATION
fixed length control field 160527b xxu||||| |||| 00| 0 eng d
020 ## - INTERNATIONAL STANDARD BOOK NUMBER
ISBN 0-07-043556-1
041 ## - LANGUAGE CODE
Language code of text/sound track or separate title eng
082 ## - DEWEY DECIMAL CLASSIFICATION NUMBER
Item number 5424
100 ## - MAIN ENTRY--AUTHOR NAME
Personal name Zaithaml, Valarie A and other
245 ## - TITLE STATEMENT
Title Service Marketing
260 ## - PUBLICATION, DISTRIBUTION, ETC. (IMPRINT)
Place of publication New Delhi
Name of publisher Academic Faundation
Year of publication 2002
300 ## - PHYSICAL DESCRIPTION
Number of Pages 610
650 ## - SUBJECT ADDED ENTRY--TOPICAL TERM
Topical Term Management
942 ## - ADDED ENTRY ELEMENTS (KOHA)
Koha item type Books
Holdings
Lost status Damaged status Collection code Home library Current library Shelving location Date acquired Cost, normal purchase price Full call number Accession Number Koha item type Source of acquisition
    MANAGEMENT JRU Library JRU Library SHELF- 68 H 27/05/2016 315.00 5424 5424 Books  
    MANAGEMENT JRU Library JRU Library SHELF- 68 H 27/05/2016 315.00 5424 5425 Books  
    Reference JRU Library   SHELF-29-F 27/05/2016 315.00 5424 5426 Books  
    MANAGEMENT JRU Library JRU Library SHELF- 68 H 27/05/2016 315.00 658.804 5427 Books PURCHASE